000 00285nam a2200109Ia 4500
008 200302s9999 xx 000 0 und d
100 _aFerdinand P. Beer and Others
245 _aMechanics Materials 6th ed
260 _bConnect Learn Succed Mc Graw Hill
260 _c2012
300 _a780
999 _c6461
_d6461